000 00286nam a22001337a 4500
008 170727b xxu||||| |||| 00| 0 eng d
020 _a082039535142
041 _aeng
080 _a004
100 _a31
101 _aSHK
245 _aPICTURE YOURSELF
_cBOLES,D.W
942 _2udc
_cBK
999 _c22061
_d22061